[Event "FIDE World Blitz 2014"]
[Site "Dubai UAE"]
[Date "2014.06.20"]
[Round "21.45"]
[White "Glek, Igor"]
[Black "Salgado Lopez, Ivan"]
[Result "1/2-1/2"]
[WhiteTitle "GM"]
[BlackTitle "GM"]
[WhiteElo "2438"]
[BlackElo "2622"]
[WhiteFideId "4100484"]
[BlackFideId "2257327"]
[EventDate "2014.06.19"]

1. e4 c5 2. Nf3 Nc6 3. Bb5 g6 4. O-O Bg7 5. c3 Nf6 6. Re1 O-O 7. e5 Nd5 8. d4
cxd4 9. cxd4 d6 10. Nc3 Nxc3 11. bxc3 Bd7 12. exd6 exd6 13. Ba3 Qc7 14. Rc1 Rfe8
15. Qd2 d5 16. h3 Na5 17. Bd3 f6 18. Nh2 Nc4 19. Bxc4 Qxc4 20. Nf1 Qa4 21. Bd6
Qc6 22. Bg3 Rac8 23. Rxe8+ Rxe8 24. Re1 Rxe1 25. Qxe1 Qe6 26. Qd2 g5 27. Bb8 a6
28. Ne3 f5 29. Nc2 f4 30. Nb4 Bb5 31. Qd1 a5 32. Nd3 Qc8 33. Be5 Qxc3 34. Qf3
Qc6 35. Qg4 Bxd3 36. Qxg5 Bg6 37. Qxf4 Qe6 38. Bxg7 Kxg7 39. Qc7+ Qf7 40. Qxa5
h5 41. h4 Be4 42. f3 Bg6 43. Qc5 Kh7 44. Qd6 Bd3 45. Qe5 Bg6 46. a3 Qd7 47. Qf6
Qf7 48. Qe5 Qe8 49. Qxd5 Qe1+ 50. Kh2 Qxh4+ 51. Kg1 Qe1+ 52. Kh2 Qh4+ 53. Kg1
Qe1+ 54. Kh2 Qe7 55. a4 h4 56. Kh3 Be8 57. Qf5+ Bg6 58. Qf4 Qd7+ 59. Kxh4 Qxa4
60. Qc7+ Kh6 61. Qe5 Kh7 62. Qe7+ Kg8 63. Qd8+ Kh7 64. Qc7+ Kg8 65. Kg5 Bf7 66.
Qd8+ Kg7 67. Qf6+ Kf8 68. d5 Qc2 69. Qd8+ Kg7 70. Qf6+ Kf8 71. g4 Qd2+ 72. f4
Qxd5+ 73. f5 Qd2+ 74. Kh4 Qh2+ 75. Kg5 Qd2+ 76. Kh4 b5 77. Qh8+ Ke7 78. Qe5+ Kf8
79. Qxb5 Qh2+ 80. Kg5 Qd2+ 81. Kh4 Qh2+ 82. Kg5 Qd2+ 83. Kh4 Qh2+ 84. Kg5 Qd2+
85. Kh4 Qh6+ 86. Kg3 Qe3+ 87. Kh4 Qh6+ 88. Kg3 Qe3+ 89. Kh4 Qe1+ 90. Kg5 Qd2+
91. Kh4 Qh2+ 92. Kg5 Kg7 93. f6+ Kh8 94. Qd3 Qe5+ 95. Qf5 Qe3+ 96. Kh4 Qe1+ 97.
Kg5 Qe3+ 98. Qf4 Qxf4+ 99. Kxf4 1/2-1/2

[Event "FIDE World Blitz 2014"]
[Site "Dubai UAE"]
[Date "2014.06.20"]
[Round "21.46"]
[White "Hilwani, Talal"]
[Black "Moradiabadi, Elshan"]
[Result "0-1"]
[BlackTitle "GM"]
[WhiteElo "2274"]
[BlackElo "2586"]
[WhiteFideId "7600410"]
[BlackFideId "12501255"]
[EventDate "2014.06.19"]

1. Nf3 d5 2. c4 c6 3. g3 Nf6 4. Bg2 Bg4 5. cxd5 cxd5 6. Ne5 Bf5 7. Qb3 Qb6 8.
Nc3 e6 9. d3 Bc5 10. Qxb6 Bxb6 11. Bf4 Nc6 12. O-O O-O 13. Nxc6 bxc6 14. Rac1
Rfc8 15. Na4 Nd7 16. Bd6 Bd4 17. e3 Bf6 18. d4 e5 19. dxe5 Nxe5 20. b3 Nd3 21.
Rcd1 Rd8 22. Ba3 Rac8 23. Rd2 c5 24. Rfd1 c4 25. Bf1 Bg4 26. Rb1 Ne5 27. Bg2 c3
28. Rc2 Bf5 29. Rbc1 Bxc2 30. Rxc2 Nd3 31. Bf1 Ne1 32. Rc1 Nf3+ 33. Kg2 Nd2 34.
Bd3 Ne4 35. Rc2 g5 36. f3 Nd6 37. Bc5 Rc7 38. Kf2 Nc8 39. Ke2 Re8 40. Kf2 Nb6
41. Nxb6 Rxc5 42. Nd7 Rc6 43. Nxf6+ Rxf6 44. Rxc3 Rd6 45. Rc5 h6 46. Bc2 d4 47.
e4 d3 48. Bd1 d2 49. Ke2 Red8 50. Rc7 R8d7 51. Rc8+ Kg7 52. b4 Rd4 53. a3 g4 54.
Rc2 gxf3+ 55. Kxf3 Rd3+ 56. Ke2 Rxa3 57. Rxd2 Re7 58. Rd4 Ra2+ 59. Kf3 Rxh2 60.
Bb3 Rb2 61. Bd5 Rc2 62. b5 Rc3+ 63. Kf4 Rc1 64. Ra4 Rb1 65. Bc6 Rf1+ 66. Ke3 f5
67. Ke2 Rb1 68. Ke3 fxe4 69. Rxe4 Rb3+ 70. Kf4 Rxe4+ 71. Kxe4 Rxg3 72. Kd5 Kf6
73. Kd6 Ra3 74. Kc7 h5 75. Kb8 h4 76. Bb7 h3 77. Ba6 h2 0-1

[Event "FIDE World Blitz 2014"]
[Site "Dubai UAE"]
[Date "2014.06.20"]
[Round "21.47"]
[White "Breckenridge, Steven James"]
[Black "Sriram, Jha"]
[Result "1-0"]
[WhiteTitle "FM"]
[BlackTitle "GM"]
[WhiteElo "2299"]
[BlackElo "2375"]
[WhiteFideId "2043700"]
[BlackFideId "5001668"]
[EventDate "2014.06.19"]

1. e4 e5 2. Nf3 Nc6 3. Bc4 Nf6 4. d3 h6 5. c3 d6 6. Nbd2 g6 7. Bb3 Bg7 8. Nf1
O-O 9. Ne3 Na5 10. Bc2 c5 11. O-O Nc6 12. Re1 Re8 13. Bb3 Be6 14. h3 a6 15. Nh2
d5 16. Nhg4 dxe4 17. Nxf6+ Qxf6 18. dxe4 Rad8 19. Nd5 Bxd5 20. Bxd5 Ne7 21. c4
Nxd5 22. cxd5 b5 23. a4 b4 24. Qd3 Qd6 25. a5 f5 26. exf5 gxf5 27. Qxf5 Qxd5 28.
Be3 c4 29. Rac1 Rc8 30. Qg4 Qe6 31. Qe4 Qc6 32. Qg4 c3 33. Qxb4 c2 34. Bd2 e4
35. Qb3+ Kh7 36. Re2 Bd4 37. Be3 Bxe3 38. Rxe3 Red8 39. Re2 Qf6 40. Rexc2 Rb8
41. Rc7+ Kh8 42. Qe3 Rxb2 43. R1c6 Qg5 1-0

[Event "FIDE World Blitz 2014"]
[Site "Dubai UAE"]
[Date "2014.06.20"]
[Round "21.48"]
[White "Faisal, Abdulla"]
[Black "Vahidov, Tair"]
[Result "0-1"]
[WhiteTitle "CM"]
[BlackTitle "GM"]
[WhiteElo "2270"]
[BlackElo "2446"]
[WhiteFideId "9301232"]
[BlackFideId "14200155"]
[EventDate "2014.06.19"]

1. d4 d5 2. Nf3 Nf6 3. c3 c5 4. e3 Nc6 5. dxc5 g6 6. b4 Bg7 7. Bb2 O-O 8. Nbd2
a5 9. a3 e5 10. Bb5 e4 11. Nd4 Bd7 12. Bxc6 bxc6 13. h3 h5 14. O-O Bh6 15. c4
Nh7 16. cxd5 cxd5 17. c6 Bc8 18. b5 Qh4 19. N2f3 exf3 20. Nxf3 Qxh3 21. Nh2 Bg4
22. Qxd5 Rad8 0-1

[Event "FIDE World Blitz 2014"]
[Site "Dubai UAE"]
[Date "2014.06.20"]
[Round "21.49"]
[White "Taleb, Moussa"]
[Black "Debashis, Das"]
[Result "0-1"]
[WhiteTitle "GM"]
[BlackTitle "GM"]
[WhiteElo "2406"]
[BlackElo "2484"]
[WhiteFideId "9300201"]
[BlackFideId "5024854"]
[EventDate "2014.06.19"]

1. Nf3 d5 2. d4 Nf6 3. c3 Bf5 4. Qb3 Qc8 5. Bf4 c6 6. c4 e6 7. Nc3 Nbd7 8. e3
Nh5 9. Be5 f6 10. Bg3 Nxg3 11. hxg3 Bg6 12. Rc1 Nb6 13. Nh4 Bf7 14. cxd5 exd5
15. Bd3 h6 16. Bg6 Qd7 17. Qc2 Nc4 18. Bxf7+ Qxf7 19. b3 Nd6 20. Ng6 Rg8 21. Nf4
g5 22. Nd3 O-O-O 23. Nc5 Kb8 24. a4 f5 25. Nd3 Ne4 26. Nxe4 fxe4 27. Nc5 Rg6 28.
b4 Rf6 29. a5 a6 30. Qe2 Bd6 31. Rc2 Rf8 32. Qg4 Bxc5 33. bxc5 Rxf2 34. Re2 Rf1+
35. Rxf1 Qxf1+ 36. Kd2 Qa1 37. Qd7 Qb2+ 38. Kd1 Rf1+ 39. Re1 Qb1+ 40. Kd2 0-1

[Event "FIDE World Blitz 2014"]
[Site "Dubai UAE"]
[Date "2014.06.20"]
[Round "21.50"]
[White "Kayumov, Sergey"]
[Black "Suhail, Abdurahim"]
[Result "1-0"]
[WhiteTitle "GM"]
[BlackTitle "CM"]
[WhiteElo "2505"]
[BlackElo "2239"]
[WhiteFideId "14200880"]
[BlackFideId "9300228"]
[EventDate "2014.06.19"]

1. Nf3 c5 2. b3 d5 3. e3 Nc6 4. Bb2 Nf6 5. d3 Bg4 6. Nbd2 e5 7. h3 Bxf3 8. Nxf3
Bd6 9. Nd2 O-O 10. g3 Qe7 11. Bg2 h6 12. O-O Rfe8 13. c4 d4 14. e4 a5 15. f4 a4
16. a3 Qc7 17. f5 Reb8 18. g4 b5 19. h4 bxc4 20. dxc4 Nh7 21. Rf3 f6 22. Rb1 Qf7
23. Bf1 Bc7 24. bxa4 Ba5 25. Nb3 h5 26. Rg3 hxg4 27. Qxg4 Be1 28. Rxe1 Rxa4 29.
Bc1 d3 30. Nxc5 Rxc4 31. Ne6 Nd4 32. Bxd3 Rc3 33. Nxd4 exd4 34. Bd2 Rxa3 35. e5
Rbb3 36. exf6 Rxd3 37. Re8+ Nf8 38. Qxg7+ Qxg7 39. Rxg7+ 1-0

[Event "FIDE World Blitz 2014"]
[Site "Dubai UAE"]
[Date "2014.06.20"]
[Round "21.51"]
[White "Vakhidov, Jahongir"]
[Black "Alahakoon, Isuru"]
[Result "1-0"]
[WhiteTitle "IM"]
[WhiteElo "2471"]
[BlackElo "2123"]
[WhiteFideId "14201801"]
[BlackFideId "9900993"]
[EventDate "2014.06.19"]

1. d4 Nf6 2. Nf3 d5 3. e3 Bg4 4. c4 c6 5. Nbd2 e6 6. Bd3 Nbd7 7. b3 Bd6 8. Bb2
O-O 9. Qc2 Qe7 10. Ne5 Bh5 11. O-O Bg6 12. f4 Bxd3 13. Qxd3 Ba3 14. Bc3 Bb4 15.
c5 Bxc3 16. Qxc3 Nxe5 17. dxe5 Nd7 18. b4 f6 19. Nf3 fxe5 20. fxe5 Rf5 21. Rae1
Raf8 22. a3 Qf7 23. e4 Rf4 24. exd5 cxd5 25. Qd3 Qf5 26. Qb5 Rf7 27. Qxb7 Nxe5
28. Qb8+ Rf8 29. Qxe5 Qxe5 30. Nxe5 R8f5 31. Rxf4 Rxf4 32. c6 Rf8 33. Nd3 Rc8
34. Rxe6 Kf7 35. Rd6 Ke7 36. Rd7+ Ke6 37. b5 a6 38. a4 axb5 39. axb5 Rb8 40.
Nc5+ Kf6 41. c7 Rc8 42. b6 Ke5 1-0